[Event "39th Olympiad Women"]
[Site "Khanty-Mansiysk RUS"]
[Date "2010.10.03"]
[Round "11"]
[White "Olsarova, Tereza"]
[Black "Efroimski, Marsel"]
[Result "0-1"]
[WhiteTitle "WFM"]
[BlackTitle "WFM"]
[WhiteElo "2215"]
[BlackElo "2244"]
[Board "19.4"]
[WhiteTeam "CZE"]
[BlackTeam "ISR"]
[WhiteFideId "325449"]
[BlackFideId "2810964"]
[EventDate "2010.09.21"]
[EventType "team"]

1. e4 c6 2. d4 d5 3. e5 c5 4. Nf3 Nc6 5. c4 Bg4 6. cxd5 Bxf3 7. gxf3 Qxd5 8. Nc3
Qxd4 9. Be3 Qxd1+ 10. Rxd1 e6 11. Nb5 Rc8 12. Nd6+ Bxd6 13. exd6 Nf6 14. Rg1 O-O
15. d7 Nxd7 16. Bh6 Nde5 17. Rxg7+ Kh8 18. Bd3 Nxd3+ 19. Rxd3 Nd4 20. Rg3 Rg8
21. Bg5 Rg6 22. Be7 Kg7 23. Kd2 b6 24. h4 Rc7 25. Rxg6+ Kxg6 26. Bf8 Rd7 27. Ke1
Kh5 28. Bg7 Kxh4 29. Kf1 Kg5 30. b4 f5 31. Be5 f4 32. bxc5 bxc5 33. Rc3 Rd5 34.
Bb8 Kf5 35. a4 Nc6 36. Bc7 e5 37. Rb3 c4 38. Rc3 Rd7 0-1

[Event "39th Olympiad Women"]
[Site "Khanty-Mansiysk RUS"]
[Date "2010.10.03"]
[Round "11"]
[White "Seps, Monika"]
[Black "Davletbayeva, Madina"]
[Result "1/2-1/2"]
[WhiteTitle "WIM"]
[BlackTitle "WFM"]
[WhiteElo "2184"]
[BlackElo "2163"]
[Board "20.2"]
[WhiteTeam "SUI"]
[BlackTeam "KAZ"]
[WhiteFideId "1308521"]
[BlackFideId "13703595"]
[EventDate "2010.09.21"]
[EventType "team"]

1. e4 Nf6 2. e5 Nd5 3. Nc3 e6 4. Nf3 d6 5. exd6 Bxd6 6. Ne4 Be7 7. d4 Nd7 8. c3
b6 9. Bd3 Bb7 10. Qe2 h6 11. Ne5 Nxe5 12. dxe5 Bg5 13. Bb5+ Kf8 14. Bxg5 hxg5
15. O-O-O Qe7 16. g3 a6 17. Bd3 b5 18. h4 gxh4 19. Rh2 Rd8 20. Rdh1 Rh6 21. Bc2
f5 22. exf6 Nxf6 23. Rxh4 Nxe4 24. Bxe4 Bxe4 25. Qxe4 Qg5+ 26. f4 Rxh4 27. Rxh4
Qd5 28. Qxd5 Rxd5 29. Rh8+ Ke7 30. Kc2 c5 31. Ra8 Rd6 32. g4 Kf6 33. Ra7 g5 34.
fxg5+ Kxg5 35. Rg7+ Kf4 36. g5 e5 37. Rg8 c4 38. g6 Kg5 39. Re8 Kxg6 40. Rxe5
Kf6 41. Re8 Kf5 1/2-1/2

[Event "39th Olympiad Women"]
[Site "Khanty-Mansiysk RUS"]
[Date "2010.10.03"]
[Round "11"]
[White "De Seroux, Camille"]
[Black "Ankudinova, Yelena"]
[Result "1-0"]
[BlackTitle "WFM"]
[WhiteElo "2020"]
[BlackElo "2124"]
[Board "20.4"]
[WhiteTeam "SUI"]
[BlackTeam "KAZ"]
[WhiteFideId "1305620"]
[BlackFideId "13702114"]
[EventDate "2010.09.21"]
[EventType "team"]

1. e4 Nf6 2. e5 Nd5 3. d4 d6 4. Nf3 Bg4 5. Be2 c6 6. O-O Bxf3 7. Bxf3 dxe5 8.
dxe5 e6 9. Qe2 Qc7 10. b3 Nd7 11. c4 Ne7 12. Bb2 Ng6 13. Bh5 O-O-O 14. f4 Nc5
15. g3 Nd3 16. Ba3 Qb6+ 17. Kh1 Qd4 18. Bxf8 Qxa1 19. Bxg7 Rhg8 20. Bf6 Rd7 21.
Qe3 Qxa2 22. Nc3 Qb2 23. Qxa7 Ngxf4 24. Bf3 Nh3 25. Qa8+ Kc7 26. Nb5+ 1-0

[Event "39th Olympiad Women"]
[Site "Khanty-Mansiysk RUS"]
[Date "2010.10.03"]
[Round "11"]
[White "Muminova, Nafisa"]
[Black "Tjolsen, Katrine"]
[Result "1-0"]
[WhiteTitle "WIM"]
[BlackTitle "WIM"]
[WhiteElo "2319"]
[BlackElo "2259"]
[Board "21.1"]
[WhiteTeam "UZB"]
[BlackTeam "NOR"]
[WhiteFideId "14201526"]
[BlackFideId "1505793"]
[EventDate "2010.09.21"]
[EventType "team"]

1. d4 f5 2. e4 fxe4 3. f3 exf3 4. Nxf3 Nf6 5. Bd3 g6 6. O-O Bg7 7. Nc3 d5 8. Bf4
c5 9. dxc5 Nc6 10. Qe1 Qa5 11. Nb5 Qxe1 12. Raxe1 Nh5 13. Bc1 Kd7 14. g4 Nf6 15.
h3 Ne8 16. c3 e5 17. Ng5 a6 18. Rf7+ Ne7 19. Nd6 Rg8 20. Nxh7 Nxd6 21. cxd6 Kxd6
22. b3 Nf5 23. gxf5 gxf5 24. Bxf5 Bxf5 25. Rxf5 e4 26. Rd1 Ke6 27. Rff1 Bxc3+
28. Kh1 Rae8 29. Be3 b5 30. Ng5+ Kd6 31. Rf5 Be5 32. Nf7+ Ke6 33. Rxe5+ Kxf7 34.
Rf1+ Kg6 35. Rg5+ Kh7 36. Rf7+ Kh8 37. Rh5# 1-0

[Event "39th Olympiad Women"]
[Site "Khanty-Mansiysk RUS"]
[Date "2010.10.03"]
[Round "11"]
[White "Bjerke, Silje"]
[Black "Sabirova, Olga"]
[Result "0-1"]
[WhiteTitle "WIM"]
[BlackTitle "WIM"]
[WhiteElo "2205"]
[BlackElo "2216"]
[Board "21.2"]
[WhiteTeam "NOR"]
[BlackTeam "UZB"]
[WhiteFideId "1502786"]
[BlackFideId "14200201"]
[EventDate "2010.09.21"]
[EventType "team"]

1. e4 e5 2. Nf3 Nc6 3. Bb5 Nf6 4. O-O d6 5. d4 Bd7 6. Nc3 Be7 7. Re1 exd4 8.
Nxd4 O-O 9. Bxc6 bxc6 10. Qf3 Re8 11. h3 g6 12. Bh6 c5 13. Nde2 Bc6 14. Nd5 Bxd5
15. exd5 Nd7 16. Ng3 Bf6 17. Rxe8+ Qxe8 18. Ne4 Bxb2 19. Re1 Be5 20. Ng5 Qe7 21.
Kh1 Qf6 22. Qg4 Qxf2 23. Nf3 Nf6 24. Qg5 Nh5 25. Rxe5 dxe5 26. Qxe5 Qg3 27. Qc3
Qd6 28. g4 Qf6 29. Qe3 Ng7 30. Nd2 Qd4 31. Qf3 Re8 32. Kg2 Re1 33. Nf1 Qe4 34.
Qxe4 Rxe4 35. Kf3 Ra4 36. Ne3 Ne8 37. Ke2 Nd6 38. Kd3 f5 39. gxf5 Rd4+ 40. Kc3
Nxf5 41. Nxf5 gxf5 42. Be3 Rxd5 43. Kc4 Re5 44. Bxc5 Rxc5+ 45. Kxc5 Kf7 46. Kd4
Ke6 47. h4 Kd6 48. Ke3 Ke5 49. a4 h5 50. a5 a6 51. c3 f4+ 52. Kf3 Kf5 53. c4 c5 0-1

[Event "39th Olympiad Women"]
[Site "Khanty-Mansiysk RUS"]
[Date "2010.10.03"]
[Round "11"]
[White "Hamrakulova, Yulduz"]
[Black "Sahl, Sheila Barth"]
[Result "1/2-1/2"]
[WhiteTitle "WIM"]
[BlackTitle "WIM"]
[WhiteElo "2207"]
[BlackElo "2175"]
[Board "21.3"]
[WhiteTeam "UZB"]
[BlackTeam "NOR"]
[WhiteFideId "14201151"]
[BlackFideId "1500953"]
[EventDate "2010.09.21"]
[EventType "team"]

1. d4 f5 2. Nf3 e6 3. g3 Nf6 4. Bg2 Be7 5. O-O O-O 6. c4 d6 7. Nc3 a5 8. Qc2 Nc6
9. a3 e5 10. dxe5 dxe5 11. Rd1 Qe8 12. Nd5 Bd8 13. Bg5 e4 14. Bxf6 Rxf6 15. Nd4
Nxd4 16. Rxd4 Rh6 17. Ne3 Bg5 18. Nf1 Be6 19. f3 Be7 20. Rdd1 exf3 21. exf3 f4
22. g4 Qf7 23. Rac1 Bc5+ 24. Kh1 a4 25. Qe4 Rb8 26. Rd2 c6 27. Qe5 Qf8 28. g5
Rg6 29. h4 h6 30. h5 Rxg5 31. Qxe6+ Kh8 32. Rcd1 Rxh5+ 33. Nh2 Be7 34. Bh3 Bf6
35. Bg4 Re5 36. Qd7 Rbe8 37. Kg2 Qc5 38. Qd3 Re3 39. Qc2 Qg5 40. Qf5 Qh4 41.
Qxf4 h5 42. Rf2 Re2 43. Rf1 Rxf2+ 44. Rxf2 hxg4 45. Nxg4 Re1 46. Qb8+ Kh7 47.
Nxf6+ Qxf6 48. Qg3 Qh6 49. Rf1 Rxf1 50. Kxf1 Qc1+ 51. Qe1 Qxc4+ 52. Kg2 Qc2+ 53.
Kg3 b5 54. Qe5 Qg6+ 55. Kf2 Kh6 56. Qd4 Qf6 57. Qb4 g5 58. Kg3 Qe5+ 59. Kh3 Kg6
60. Kg4 c5 61. Qxb5 Qf4+ 62. Kh3 Qxf3+ 63. Kh2 g4 64. Qxc5 Qh3+ 65. Kg1 Qg3+ 66.
Kf1 Qf3+ 67. Kg1 g3 1/2-1/2

[Event "39th Olympiad Women"]
[Site "Khanty-Mansiysk RUS"]
[Date "2010.10.03"]
[Round "11"]
[White "Reppen, Ellisiv"]
[Black "Nodirjanova, Nodira"]
[Result "1/2-1/2"]
[WhiteElo "1954"]
[BlackElo "2136"]
[Board "21.4"]
[WhiteTeam "NOR"]
[BlackTeam "UZB"]
[WhiteFideId "1504959"]
[BlackFideId "14201232"]
[EventDate "2010.09.21"]
[EventType "team"]

1. e4 e6 2. d4 d5 3. Nc3 Nf6 4. Bg5 dxe4 5. Nxe4 Be7 6. Nxf6+ Bxf6 7. Bxf6 Qxf6
8. Nf3 O-O 9. Bd3 c5 10. c3 cxd4 11. Nxd4 a6 12. Qc2 Qe5+ 13. Qe2 Qxe2+ 14. Nxe2
Nc6 15. O-O e5 16. Rad1 Be6 17. b3 Rfd8 18. Bc2 Kf8 19. h3 Ne7 20. Be4 Bd5 21.
Bxd5 Nxd5 22. Rd3 Nf6 23. Rfd1 Rxd3 24. Rxd3 Ke7 25. c4 Rd8 26. Rxd8 Kxd8 27.
Nc3 Kc7 28. Kf1 Kd6 29. b4 a5 30. a3 axb4 31. axb4 e4 32. Ke2 Ke5 33. Ke3 b6 34.
Nxe4 Nd7 35. f4+ Ke6 36. g4 h6 37. Kd4 f5 38. Ng3 fxg4 39. hxg4 Nf6 40. g5 hxg5
41. fxg5 Nd7 42. Ke4 Ne5 43. c5 bxc5 44. bxc5 Nf7 45. Kf4 Kd5 46. Nf5 Nxg5 47.
Kxg5 Kxc5 1/2-1/2

[Event "39th Olympiad Women"]
[Site "Khanty-Mansiysk RUS"]
[Date "2010.10.03"]
[Round "11"]
[White "Ziaziulkina, Nastassia"]
[Black "Enkhtuul, Altanulzii"]
[Result "1-0"]
[WhiteTitle "WIM"]
[WhiteElo "2284"]
[BlackElo "2122"]
[Board "22.2"]
[WhiteTeam "BLR"]
[BlackTeam "MGL"]
[WhiteFideId "13505211"]
[BlackFideId "4901444"]
[EventDate "2010.09.21"]
[EventType "team"]

1. e4 Nf6 2. e5 Nd5 3. d4 d6 4. Nf3 Bg4 5. Be2 e6 6. O-O Be7 7. c4 Nb6 8. Nc3
O-O 9. h3 Bh5 10. Be3 Nc6 11. exd6 cxd6 12. d5 exd5 13. Nxd5 Bxf3 14. Bxb6 axb6
15. Bxf3 Bf6 16. Nxf6+ Qxf6 17. Qd2 Rac8 18. b3 Rfe8 19. Rad1 Rcd8 20. Rfe1 Re5
21. Re3 Qe7 22. Rd3 Re6 23. Bg4 Rf6 24. Re3 Qc7 25. Re4 h6 26. Re3 Rf4 27. Rd3
Rf6 28. Rf3 Rxf3 29. Bxf3 Ne5 30. Be4 Kf8 31. Qd5 Nc6 32. Qf5 g6 33. Qf6 Kg8 34.
Bd5 Kh7 35. Bxf7 Ne5 36. Bd5 Rd7 37. f4 Qc5+ 38. Kh2 Nc6 39. Be4 Rg7 40. Rxd6
Ne7 41. Rxb6 Ng8 42. Qd6 Qf2 43. Rxb7 Rxb7 44. Bxb7 Qe3 45. Bd5 Ne7 46. Qe5 Nxd5
47. cxd5 1-0

[Event "39th Olympiad Women"]
[Site "Khanty-Mansiysk RUS"]
[Date "2010.10.03"]
[Round "11"]
[White "Ankhchimeg, Bayanmunh"]
[Black "Homiakova, Elena"]
[Result "1/2-1/2"]
[WhiteTitle "WIM"]
[BlackTitle "WFM"]
[WhiteElo "2153"]
[BlackElo "2156"]
[Board "22.3"]
[WhiteTeam "MGL"]
[BlackTeam "BLR"]
[WhiteFideId "4900600"]
[BlackFideId "13507761"]
[EventDate "2010.09.21"]
[EventType "team"]

1. e4 c5 2. c3 d5 3. exd5 Qxd5 4. d4 Nf6 5. Nf3 Bg4 6. Be2 e6 7. O-O Nc6 8. Be3
cxd4 9. cxd4 Be7 10. Nc3 Qd6 11. Qb3 O-O 12. Rfd1 Rfd8 13. Rac1 Qb4 14. Ne5 Qxb3
15. axb3 Bxe2 16. Nxe2 Na5 17. Rd3 Rac8 18. Ra1 b6 19. Bd2 Nd5 20. Bxa5 bxa5 21.
Nc4 Nb4 22. Rdd1 Nc6 23. g3 Bf6 24. Kf1 Rd5 25. Nc3 Rxd4 26. Rxd4 Bxd4 27. Nb5
Bb6 28. Nbd6 Rd8 29. Rc1 Ne7 30. Ke2 f6 31. f4 Kf8 32. Ra1 Nc6 33. Nb5 Rd5 34.
Nc3 Rd7 35. Kf1 Ke7 36. Na4 Bd4 37. Ke2 Rb7 38. Nd2 e5 39. Kd3 Nb4+ 40. Ke4 Ke6
41. fxe5 fxe5 42. Nf3 Kd6 43. Rd1 Nc6 44. Nd2 Rb4 45. Nc4+ Ke6 46. Rd3 Ne7 47.
g4 g5 48. h3 Ng8 49. Rxd4 Nf6+ 50. Kd3 exd4 51. Kxd4 Kf7 52. Nc5 Rb8 53. Nxa5
Rd8+ 54. Kc4 Rd2 55. Nc6 Rc2+ 56. Kb5 Rxb2 57. Nxa7 Rh2 58. Kc6 Rxh3 59. b4 Nxg4
60. b5 Ne5+ 61. Kd5 Nd3 62. b6 Nxc5 63. Kxc5 Rc3+ 64. Kb4 Rc1 65. Nb5 Rc6 66. b7
Rb6 67. Kc5 Rxb7 68. Nd6+ Ke6 69. Nxb7 Ke5 70. Kc4 Kf4 71. Kd3 Kf3 72. Nd6 g4
73. Ne4 g3 74. Nd2+ Kf2 75. Ne4+ Kf3 76. Nd2+ Kg2 77. Ke2 h5 78. Nf3 Kh1 79. Kf1
g2+ 80. Kf2 h4 81. Ng1 Kh2 82. Nf3+ Kh3 83. Ng1+ 1/2-1/2

[Event "39th Olympiad Women"]
[Site "Khanty-Mansiysk RUS"]
[Date "2010.10.03"]
[Round "11"]
[White "Homiakova, Ekaterina"]
[Black "Otgonjargal, Sengeravdan"]
[Result "1-0"]
[WhiteTitle "WFM"]
[BlackTitle "WFM"]
[WhiteElo "2134"]
[BlackElo "2143"]
[Board "22.4"]
[WhiteTeam "BLR"]
[BlackTeam "MGL"]
[WhiteFideId "13503863"]
[BlackFideId "4900790"]
[EventDate "2010.09.21"]
[EventType "team"]

1. e4 e5 2. Nf3 Nc6 3. Bb5 a6 4. Ba4 Nf6 5. O-O b5 6. Bb3 Be7 7. Re1 d6 8. c3
O-O 9. h3 Nb8 10. d4 Nbd7 11. Nbd2 Bb7 12. Bc2 c5 13. Nf1 Re8 14. d5 Bf8 15. g4
g6 16. Ng3 Nb6 17. Kh2 Bg7 18. Rg1 Kh8 19. Bg5 Qc7 20. Qe2 a5 21. Rg2 h6 22. Be3
Ng8 23. Rag1 b4 24. g5 Bc8 25. Nh4 Nd7 26. gxh6 Bf6 27. Nhf5 Nf8 28. Nh5 Nh7 29.
Nfg7 Rf8 30. Nxf6 Ngxf6 31. f4 exf4 32. Bxf4 Qd7 33. Qf3 Ne8 34. e5 Nxg7 35.
hxg7+ Kxg7 36. e6 Qe7 37. exf7 Qxf7 38. Rxg6+ Kh8 39. Be5+ dxe5 40. Qxf7 1-0

[Event "39th Olympiad Women"]
[Site "Khanty-Mansiysk RUS"]
[Date "2010.10.03"]
[Round "11"]
[White "Mucha, Annegret"]
[Black "Bensdorp, Marlies"]
[Result "1/2-1/2"]
[WhiteTitle "WCM"]
[BlackTitle "WIM"]
[WhiteElo "2005"]
[BlackElo "2288"]
[Board "23.2"]
[WhiteTeam "ISCA"]
[BlackTeam "NED"]
[WhiteFideId "24622788"]
[BlackFideId "1009311"]
[EventDate "2010.09.21"]
[EventType "team"]

1. e4 e5 2. Nf3 Nc6 3. Bc4 Bc5 4. c3 Nf6 5. d3 a6 6. a4 Ba7 7. Bg5 d6 8. O-O h6
9. Bh4 g5 10. Bg3 Ne7 11. Nbd2 Ng6 12. Re1 O-O 13. Nf1 Kg7 14. Ne3 Nf4 15. Bxf4
gxf4 16. Nc2 Nh7 17. d4 Qe7 18. b4 Bg4 19. Be2 Ng5 20. Nxg5 Bxe2 21. Qxe2 hxg5
22. Rad1 Qe6 23. h3 f6 24. Rd3 Rh8 25. Qg4 Kf7 26. Qxe6+ Kxe6 27. Kf1 Rag8 28.
f3 Rc8 29. b5 axb5 30. axb5 Bb6 31. Ra1 Ra8 32. d5+ Kf7 33. Rdd1 Rae8 34. Ra2 f5
35. Ke2 Kf6 36. Kd3 g4 37. hxg4 fxg4 38. fxg4 Reg8 39. Ne1 Rh1 40. Rda1 Rxg4 41.
Re2 Rg3+ 42. Kc4 Rxc3+ 43. Kxc3 Bd4+ 44. Kc2 Bxa1 45. Nf3 Rf1 46. Nh2 Rh1 47.
Nf3 Ke7 48. Re1 Rxe1 49. Nxe1 Bd4 50. Kd3 Bf2 51. Nc2 Bc5 52. Na1 Kd7 53. Nb3
Bb4 54. Nc1 Kc8 55. Ne2 Kb8 56. Ng1 Ka7 57. Kc4 Ba5 58. Nf3 Kb6 59. Ng5 Be1 60.
Ne6 Bh4 61. Ng7 Bf2 62. Ne6 Be1 63. Nd8 Ba5 64. Ne6 c6 65. bxc6 bxc6 66. Ng7 Kb7
67. Nf5 Bc7 68. Ne7 c5 69. Kb5 Bd8 70. Nc6 Kc8 71. Kc4 Kd7 72. Na7 Bc7 73. Nb5
Bb8 74. Nc3 Kc7 75. Kb5 Kb7 76. Nb1 Bc7 77. Na3 Bd8 78. Nc4 Kc7 79. Nb2 Kd7 80.
Kc4 Be7 81. Na4 Bf8 82. Nb2 Ke7 83. Kd3 Kd7 1/2-1/2

[Event "39th Olympiad Women"]
[Site "Khanty-Mansiysk RUS"]
[Date "2010.10.03"]
[Round "11"]
[White "Schut, Lisa"]
[Black "Ryvova, Anna"]
[Result "1-0"]
[WhiteTitle "WIM"]
[BlackTitle "WFM"]
[WhiteElo "2288"]
[BlackElo "1981"]
[Board "23.3"]
[WhiteTeam "NED"]
[BlackTeam "ISCA"]
[WhiteFideId "1019481"]
[BlackFideId "309931"]
[EventDate "2010.09.21"]
[EventType "team"]

1. e4 e5 2. Nf3 Nf6 3. Nxe5 d6 4. Nf3 Nxe4 5. Nc3 Nxc3 6. dxc3 Be7 7. Be3 Bg4 8.
h3 Bh5 9. Qd5 Bxf3 10. Qxf3 Nc6 11. g4 O-O 12. O-O-O Bg5 13. Bxg5 Qxg5+ 14. Kb1
Rfe8 15. Qg3 Qe5 16. f4 Qe3 17. Qh2 a5 18. h4 a4 19. a3 Qf3 20. Bd3 Na5 21. h5
Rab8 22. h6 g6 23. Qh4 Qxf4 24. Rhf1 Qe5 25. Rde1 Qh8 26. Rxe8+ Rxe8 27. Rf6 Nc6
28. Bb5 Kf8 29. Bxa4 Re1+ 30. Ka2 Re7 31. g5 Ke8 32. Qb4 Rd7 33. Qxb7 Nd8 34.
Qxc7 1-0

[Event "39th Olympiad Women"]
[Site "Khanty-Mansiysk RUS"]
[Date "2010.10.03"]
[Round "11"]
[White "Gerasimova, Olga"]
[Black "Van Weersel, Arlette"]
[Result "0-1"]
[WhiteTitle "WIM"]
[BlackTitle "WIM"]
[WhiteElo "2218"]
[BlackElo "2174"]
[Board "23.4"]
[WhiteTeam "ISCA"]
[BlackTeam "NED"]
[WhiteFideId "24109622"]
[BlackFideId "1009877"]
[EventDate "2010.09.21"]
[EventType "team"]

1. e4 e5 2. Nf3 Nc6 3. Bb5 a6 4. Ba4 Nf6 5. O-O Be7 6. Re1 b5 7. Bb3 d6 8. h3
O-O 9. c3 Na5 10. Bc2 c5 11. d4 Qc7 12. Nbd2 Nc6 13. d5 Nd8 14. Nf1 Ne8 15. Ng3
g6 16. Bh6 Ng7 17. b4 c4 18. Qd2 f6 19. a4 Rb8 20. axb5 axb5 21. Ra2 Nf7 22.
Rea1 Nxh6 23. Qxh6 Bd8 24. Ra7 Bb7 25. h4 Qf7 26. Qe3 h5 27. Kh1 Kh7 28. Ne2 Qd7
29. Kh2 Qg4 30. Neg1 f5 31. Ng5+ Kg8 32. Qh3 Bb6 33. R7a2 Bxf2 34. Qxg4 hxg4 35.
Ne2 Bxh4 36. Ne6 Nxe6 37. dxe6 f4 38. Rd1 Be7 39. Ra5 Bc6 40. Ra6 Rfc8 41. Rda1
Kg7 42. Ng1 Rh8+ 43. Nh3 Ra8 44. Rxa8 Bxa8 45. Ra5 gxh3 46. Rxb5 hxg2+ 47. Kxg2
Kf6 48. Ra5 g5 49. Ra7 g4 50. Rc7 d5 51. Bd1 g3 52. Bg4 dxe4 53. Rxc4 e3+ 0-1

[Event "39th Olympiad Women"]
[Site "Khanty-Mansiysk RUS"]
[Date "2010.10.03"]
[Round "11"]
[White "Kopinits, Anna-Christina"]
[Black "Dimitrijevic, Aleksandra"]
[Result "0-1"]
[WhiteTitle "WIM"]
[BlackTitle "WFM"]
[WhiteElo "2210"]
[BlackElo "2242"]
[Board "24.2"]
[WhiteTeam "AUT"]
[BlackTeam "BIH"]
[WhiteFideId "1614142"]
[BlackFideId "929239"]
[EventDate "2010.09.21"]
[EventType "team"]

1. e4 c5 2. b3 d6 3. Bb2 Nc6 4. Bb5 Bd7 5. f4 e6 6. Nf3 Nf6 7. Qe2 Be7 8. O-O
O-O 9. d3 a6 10. Bxc6 Bxc6 11. Nbd2 b5 12. c4 Rb8 13. Kh1 Re8 14. e5 Nd7 15.
exd6 Bxd6 16. Ne5 Ba8 17. Ne4 Be7 18. Qh5 g6 19. Qh6 Bf8 20. Nxd7 Bxh6 21. Nef6+
Kh8 22. Nxe8+ Kg8 23. Nef6+ Kh8 24. Nxb8 Bg7 25. Nbd7 Bc6 26. Nxc5 Bxf6 27.
Bxf6+ Qxf6 28. Ne4 Qb2 29. cxb5 axb5 30. Rac1 Bd5 31. Rc8+ Kg7 32. Rfc1 Qxa2 33.
h3 Qxb3 34. R8c3 Qb2 35. R1c2 Qb4 36. Rc1 Qd4 37. Rc7 Qxd3 38. Ng5 e5 39. fxe5
Qg3 40. Nf3 Bxf3 41. gxf3 Qxh3+ 42. Kg1 Qg3+ 43. Kh1 Qxf3+ 44. Kg1 Qg3+ 45. Kh1
Qxe5 46. R7c2 h5 47. Rg2 h4 48. Rcc2 g5 49. Rb2 Kg6 50. Rge2 Qd5+ 51. Kg1 g4 52.
Rb1 f5 53. Kh2 Qd6+ 54. Kh1 h3 55. Rbe1 Kg5 56. Kg1 g3 57. Re3 f4 58. Re4 b4 59.
Rb1 Qd2 0-1

[Event "39th Olympiad Women"]
[Site "Khanty-Mansiysk RUS"]
[Date "2010.10.03"]
[Round "11"]
[White "Dengler, Dijana"]
[Black "Exler, Veronika"]
[Result "1-0"]
[WhiteTitle "WFM"]
[BlackTitle "WFM"]
[WhiteElo "2088"]
[BlackElo "2130"]
[Board "24.3"]
[WhiteTeam "BIH"]
[BlackTeam "AUT"]
[WhiteFideId "14400081"]
[BlackFideId "1620550"]
[EventDate "2010.09.21"]
[EventType "team"]

1. d4 d5 2. Nf3 Nf6 3. Bg5 Ne4 4. Bf4 c5 5. e3 Nc6 6. c3 f6 7. Nbd2 Nxd2 8. Qxd2
Bg4 9. Be2 e6 10. Bg3 Be7 11. h3 Bh5 12. dxc5 Bxc5 13. Nd4 Bf7 14. O-O O-O 15.
b4 Bd6 16. Bxd6 Qxd6 17. Rfd1 Rac8 18. Nb3 Qe7 19. Nc5 Ne5 20. Rac1 b6 21. Nb3
Nc4 22. Qd4 Nd6 23. Qd2 Rc7 24. Nd4 Nc4 25. Qc2 Bg6 26. Qb3 Rfc8 27. a4 Qf7 28.
Bg4 Re8 29. Nb5 Rc6 30. Nd4 Rcc8 31. Be2 Bh5 32. Qa2 Bxe2 33. Qxe2 Nd6 34. b5
Rc4 35. Qa2 Ne4 36. Qb2 Rxa4 37. Ra1 Rc4 38. Nc6 a5 39. Rd4 Rc5 40. c4 e5 41.
Rxd5 Rxd5 42. cxd5 Qxd5 43. Qc2 Nd6 44. Rd1 Qc4 45. Qd2 Nxb5 46. Qd7 Qf7 47. Qd3
Nc7 48. Qb1 Na8 49. Nd8 Qe7 50. Qb3+ Kf8 51. Nc6 Qc5 52. Nd8 Qe7 53. Nc6 Qe6 54.
Qa3+ Kg8 55. Nd8 Qe7 56. Qb3+ Kf8 57. Nc6 Qc7 58. Qa3+ Kg8 59. Qb3+ Kh8 60. Qd5
h6 61. Nd8 Qa7 62. Qc6 Re7 63. Ne6 Kh7 64. Nf8+ Kg8 65. Rd8 Nc7 66. Ng6+ Kf7 67.
Nxe7 Kxe7 68. Rd7+ 1-0

[Event "39th Olympiad Women"]
[Site "Khanty-Mansiysk RUS"]
[Date "2010.10.03"]
[Round "11"]
[White "Zsiltzova-Lisenko, Lubov"]
[Black "Latreche, Sabrina"]
[Result "1-0"]
[WhiteTitle "WIM"]
[BlackTitle "WFM"]
[WhiteElo "2282"]
[BlackElo "1951"]
[Board "25.1"]
[WhiteTeam "IBCA"]
[BlackTeam "ALG"]
[WhiteFideId "14101360"]
[BlackFideId "7901798"]
[EventDate "2010.09.21"]
[EventType "team"]

1. e4 e5 2. Nf3 Nc6 3. Bb5 Nge7 4. c3 g6 5. O-O Bg7 6. d4 exd4 7. cxd4 d5 8.
exd5 Nxd5 9. Re1+ Be6 10. Bg5 Qd6 11. Nc3 Nxc3 12. bxc3 O-O 13. Qd2 Bd5 14. Bf4
Qd8 15. Qe3 a6 16. Bd3 Re8 17. Qxe8+ Qxe8 18. Rxe8+ Rxe8 19. Bxc7 Bxf3 20. gxf3
Rc8 21. Bf4 Ne7 22. Rc1 Nd5 23. Bd2 b5 24. a4 b4 25. Bxa6 bxc3 26. Bxc8 cxd2 27.
Rd1 Bh6 28. f4 Bxf4 29. Bg4 h5 30. Bf3 Nc3 31. Ra1 Kg7 32. a5 Bb8 33. a6 Ba7 34.
d5 Kf6 35. d6 Ke6 36. Ra3 d1=Q+ 37. Bxd1 Nxd1 38. d7 Bxf2+ 39. Kf1 Kxd7 40. Rd3+
Kc6 41. Rxd1 Ba7 42. Rb1 Bb6 43. Rb3 f6 44. Rg3 g5 45. Rf3 Bd4 46. Rd3 Bb6 47.
Ra3 Ba7 48. Ke2 Kb6 49. Kd3 Bb8 50. Ke4 Ka7 51. Ra2 g4 52. Kf5 g3 53. h4 Bc7 54.
Kg6 Bd8 55. Kxh5 f5 56. Rg2 Bc7 57. Ra2 Bd8 58. Rd2 Ba5 59. Rd7+ Kxa6 60. Rg7
Be1 61. Kg5 g2 62. Kh5 f4 63. Rxg2 f3 64. Rg5 Kb6 65. Rf5 f2 66. Kg4 Kc6 67. h5
Kd6 68. h6 Ke7 69. h7 1-0

[Event "39th Olympiad Women"]
[Site "Khanty-Mansiysk RUS"]
[Date "2010.10.03"]
[Round "11"]
[White "Hamza, Amira"]
[Black "Stolarczyk, Anna"]
[Result "1/2-1/2"]
[WhiteTitle "WCM"]
[BlackTitle "WCM"]
[WhiteElo "1886"]
[BlackElo "2071"]
[Board "25.2"]
[WhiteTeam "ALG"]
[BlackTeam "IBCA"]
[WhiteFideId "7901160"]
[BlackFideId "1126423"]
[EventDate "2010.09.21"]
[EventType "team"]

1. d4 d5 2. Nf3 c6 3. c4 e6 4. cxd5 exd5 5. Nc3 Bf5 6. a3 Bd6 7. b4 a6 8. Bg5
Nf6 9. e3 h6 10. Bh4 Nbd7 11. Bd3 Bxd3 12. Qxd3 O-O 13. O-O Re8 14. Rab1 Nf8 15.
a4 Ng6 16. Bxf6 Qxf6 17. b5 axb5 18. axb5 Ra3 19. Ra1 Rea8 20. Rxa3 Rxa3 21. Rb1
Qd8 22. bxc6 bxc6 23. Qc2 Qa5 24. Ne2 Qa6 25. Ng3 Ra2 26. Qf5 Nf8 27. Qg4 g6 28.
Rf1 Kh7 29. Qh4 Kg7 30. e4 Ne6 31. e5 g5 32. Qh5 Bf8 33. Nf5+ Kg8 34. g3 Qd3 35.
Nd6 Ra7 36. Kg2 Nxd4 37. Ra1 Rd7 38. Ra8 Qxf3+ 39. Qxf3 Nxf3 40. Kxf3 c5 41. Ne8
Re7 42. Nf6+ Kg7 43. g4 Rxe5 44. Nh5+ Kg8 45. Nf6+ Kg7 46. Nh5+ 1/2-1/2

[Event "39th Olympiad Women"]
[Site "Khanty-Mansiysk RUS"]
[Date "2010.10.03"]
[Round "11"]
[White "Karsokaite, Irena"]
[Black "Latreche, Khadidja"]
[Result "0-1"]
[BlackTitle "WCM"]
[WhiteElo "1660"]
[BlackElo "1815"]
[Board "25.3"]
[WhiteTeam "IBCA"]
[BlackTeam "ALG"]
[WhiteFideId "12805220"]
[BlackFideId "7901780"]
[EventDate "2010.09.21"]
[EventType "team"]

1. e4 d5 2. exd5 Nf6 3. Nc3 Nxd5 4. Nxd5 Qxd5 5. d4 Nc6 6. c3 g6 7. Nf3 Bg7 8.
Be2 e5 9. dxe5 Qxd1+ 10. Bxd1 Nxe5 11. Nxe5 Bxe5 12. O-O O-O 13. Bf3 c6 14. Be3
Be6 15. a3 Bb3 16. Rfe1 Rfe8 17. h3 f5 18. g3 Kf7 19. h4 a6 20. Kg2 Rad8 21. h5
Kf6 22. hxg6 hxg6 23. Rh1 Rh8 24. Rxh8 Rxh8 25. Rh1 Rxh1 26. Kxh1 g5 27. Kg1 g4
28. Be2 Ke6 29. Bd3 b5 30. Kf1 Bc4 31. Bxc4+ bxc4 32. Ke2 Kd5 33. f4 Bd6 34. Bd4
Bc5 35. Bf6 Ke4 36. a4 Be3 37. Be7 Bc1 38. Ba3 Kd5 39. Kd1 Be3 40. Ke2 Bc5 41.
Bxc5 Kxc5 42. Ke3 Kd5 43. a5 c5 44. Kd2 Kc6 45. Kc2 Kb5 46. b3 cxb3+ 47. Kxb3
c4+ 48. Kb2 Kxa5 49. Ka2 Kb5 50. Ka3 a5 51. Kb2 Kc5 52. Ka3 Kd5 53. Ka4 Ke4 54.
Kxa5 Kf3 55. Kb4 Kxg3 56. Kxc4 Kxf4 57. Kd5 g3 58. c4 g2 59. c5 g1=Q 60. c6 Qg8+
61. Kd6 Qc8 0-1